Countries Names That Are English Words - Statistics

General Stats
  • This quiz has been taken 77 times
    35 since last reset
  • The average score is 5 of 24
Answer Stats
Hint Answer % Correct
Food Related Turkey
75%
Object China
53%
Food Related/Feeling Hungary
47%
Obscure Word Chad
38%
Food Related/Feeling Chile
38%
____ Land Iceland
34%
____ Land Finland
31%
Food Related Greece
28%
____ Land Poland
19%
____ Land Netherlands
13%
Acronym CAR
9%
____ Land Thailand
9%
Acronym US
9%
Two Random Words Benin
6%
Debatable Ecuador
6%
Two Random Words Iran
6%
Animal Laos
6%
Two Random Words Norway
6%
Debatable Sweden
6%
Two Random Words Togo
6%
Two Random Words Czech Republic
3%
Two Random Words Iraq
3%
Two Random Words Ukraine
3%
Two Random Words Holy See
0%
No matching quizzes found
Score Distribution
Percent of People with Each Score
Percentile by Number Answered
Your Score History
You have not taken this quiz since the last reset